000 00566nam a2200157Ia 4500
008 140424s9999 xx 000 0 und d
100 _aAmna Dilip (92311000)
245 _aAssessment of spatial groundwater characteristics in Calicut corporation area with the application of GIS
502 _bMSGIS
502 _c2011-2013
502 _dInternal
502 _fDinesan V.P (Centre for Water Resources Development and Management)
502 _g"Centre for Water Resources Development and Management, Calicut"
650 _a KERALA
650 _aGROUNDWATER RESOURCES
999 _c4352
_d4352